Central Library OPAC University of Rajshahi

এই শহরের রাখাল / (Record no. 83256)

MARC details
000 -LEADER
fixed length control field 00784nam a2200229 a 4500
001 - CONTROL NUMBER
control field 83256
003 - CONTROL NUMBER IDENTIFIER
rucl marc code BD-RjUL
005 - DATE AND TIME OF LATEST TRANSACTION
control field 20240306152854.0
008 - FIXED-LENGTH DATA ELEMENTS--GENERAL INFORMATION
fixed length control field 240306r20112000ii ||||| |||| 00| 0 ben d
020 ## - INTERNATIONAL STANDARD BOOK NUMBER
International Standard Book Number 8177510142
035 ## - SYSTEM CONTROL NUMBER
System control number (BD-RjUL)83256
040 ## - CATALOGING SOURCE
Original cataloging agency BD-RjUL
Language of cataloging eng
Transcribing agency BD-RjUL
041 ## - LANGUAGE CODE
Language code of text/sound track or separate title ben
082 ## - DEWEY DECIMAL CLASSIFICATION NUMBER
Edition number 23
Classification number 891.444
Author mark and year GHE 2011
100 ## - MAIN ENTRY--PERSONAL NAME
Personal name ঘোষ, শঙ্খ
9 (RLIN) 12117
245 ## - TITLE STATEMENT
Title এই শহরের রাখাল /
Statement of responsibility, etc. শঙ্খ ঘোষ
260 ## - PUBLICATION, DISTRIBUTION, ETC. (IMPRINT)
Place of publication, distribution, etc. কলকাতা :
Name of publisher, distributor, etc. পশ্চিমবঙ্গ বাংলা আকাদেমি,
Date of publication, distribution, etc. ২০০০,[মুদ্রণ ২০১১]
300 ## - PHYSICAL DESCRIPTION
Pagination ১৭৮ পৃ.;
Size ২২ সেমি.
650 ## - SUBJECT ADDED ENTRY--TOPICAL TERM
Topical term or geographic name as entry element বাংলা প্রবন্ধ
Topical term or geographic name as entry element Bengali Essay
9 (RLIN) 4490
942 ## - ADDED ENTRY ELEMENTS (KOHA)
Source of classification or shelving scheme Dewey Decimal Classification
Koha item type Books
Holdings
Lost status Source of classification or shelving scheme Damaged status Not for loan Collection code Permanent Location Current Location Shelving location Date acquired Source of acquisition Cost, normal purchase price Total Checkouts Full call number Date last seen Copy number Koha item type Date checked out
  Dewey Decimal Classification   Not For Loan Non-fiction Central Library, University of Rajshahi Central Library, University of Rajshahi Reading Room 28/02/2024 Dhaka : Book Finder 347.00   B 891.444 GHE 2011 06/03/2024 C-1 Books  
  Dewey Decimal Classification     Non-fiction Central Library, University of Rajshahi Central Library, University of Rajshahi General Stacks 28/02/2024 Dhaka : Book Finder 347.00 6 B 891.444 GHE 2011 22/12/2025 C-2 Books 07/12/2025
  Dewey Decimal Classification     Non-fiction Central Library, University of Rajshahi Central Library, University of Rajshahi General Stacks 28/02/2024 Dhaka : Book Finder 347.00 6 B 891.444 GHE 2011 24/12/2025 C-3 Books 09/12/2025